Gagnants de la Liga - Statistiques

Statistiques générales
  • Ce quiz a été pris 8 290 fois
    7 351 depuis la dernière actualisation
  • Le résultat moyen est 85 sur 91
Statistiques - réponses
Saison Gagnant % Correct
1931-1932 Real Madrid
100%
1932-1933 Real Madrid
100%
1953-1954 Real Madrid
100%
1954-1955 Real Madrid
100%
1956-1957 Real Madrid
100%
1957-1958 Real Madrid
100%
1960-1961 Real Madrid
100%
1961-1962 Real Madrid
100%
1962-1963 Real Madrid
100%
1963-1964 Real Madrid
100%
1964-1965 Real Madrid
100%
1966-1967 Real Madrid
100%
1967-1968 Real Madrid
100%
1968-1969 Real Madrid
100%
1971-1972 Real Madrid
100%
1974-1975 Real Madrid
100%
1975-1976 Real Madrid
100%
1977-1978 Real Madrid
100%
1978-1979 Real Madrid
100%
1979-1980 Real Madrid
100%
1985-1986 Real Madrid
100%
1986-1987 Real Madrid
100%
1987-1988 Real Madrid
100%
1988-1989 Real Madrid
100%
1989-1990 Real Madrid
100%
1994-1995 Real Madrid
100%
1996-1997 Real Madrid
100%
2000-2001 Real Madrid
100%
2002-2003 Real Madrid
100%
2006-2007 Real Madrid
100%
2007-2008 Real Madrid
100%
2011-2012 Real Madrid
100%
2016-2017 Real Madrid
100%
2019-2020 Real Madrid
100%
2021-2022 Real Madrid
100%
1929 FC Barcelone
99%
1944-1945 FC Barcelone
99%
1947-1948 FC Barcelone
99%
1948-1949 FC Barcelone
99%
1951-1952 FC Barcelone
99%
1952-1953 FC Barcelone
99%
1958-1959 FC Barcelone
99%
1959-1960 FC Barcelone
99%
1973-1974 FC Barcelone
99%
1984-1985 FC Barcelone
99%
1990-1991 FC Barcelone
99%
1991-1992 FC Barcelone
99%
1992-1993 FC Barcelone
99%
1993-1994 FC Barcelone
99%
1997-1998 FC Barcelone
99%
1998-1999 FC Barcelone
99%
2004-2005 FC Barcelone
99%
2005-2006 FC Barcelone
99%
2008-2009 FC Barcelone
99%
2009-2010 FC Barcelone
99%
2010-2011 FC Barcelone
99%
2012-2013 FC Barcelone
99%
2014-2015 FC Barcelone
99%
2015-2016 FC Barcelone
99%
2017-2018 FC Barcelone
99%
2018-2019 FC Barcelone
99%
1939-1940 Atletico Madrid
95%
1940-1941 Atletico Madrid
95%
1949-1950 Atletico Madrid
95%
1950-1951 Atletico Madrid
95%
1965-1966 Atletico Madrid
95%
1969-1970 Atletico Madrid
95%
1972-1973 Atletico Madrid
95%
1976-1977 Atletico Madrid
95%
1995-1996 Atletico Madrid
95%
2013-2014 Atletico Madrid
95%
1934-1935 Betis Séville
88%
1945-1946 Séville FC
87%
2020-2021 Atletico Madrid
85%
1941-1942 Valence CF
83%
1943-1944 Valence CF
83%
1946-1947 Valence CF
83%
1970-1971 Valence CF
83%
2001-2002 Valence CF
83%
2003-2004 Valence CF
83%
1929-1930 Athletic Bilbao
68%
1930-1930 Athletic Bilbao
68%
1933-1934 Athletic Bilbao
68%
1935-1936 Athletic Bilbao
68%
1942-1943 Athletic Bilbao
68%
1955-1956 Athletic Bilbao
68%
1982-1983 Athletic Bilbao
68%
1983-1984 Athletic Bilbao
68%
1980-1981 Real Sociedad
65%
1981-1982 Real Sociedad
65%
1999-2000 Deportivo La Corogne
51%
Aucun quiz correspondant
Distribution des résultats
% des personnes avec chaque résultat
Percentile par nombre de réponses
Votre historique - résultats
Vous n’avez pas pris ce quiz depuis la dernière actualisation